Responses for show #4774 - Thursday, May 12, 2005

2005 Ultimate Tournament of Champions Round 3, game 4.

Contestants

[<< previous game]

April McManus, a homemaker from Hertfordshire, England

Robert Slaven, a technical products specialist originally from Yellowknife, Northwest Territories, Canada

John Cuthbertson, an investment analyst from San Diego, California

[next game >>]

Jeopardy! Round responses

LITERARY TERMS
SITCOM NEIGHBORS
(Alex: You have to identify the show.)
COMMUNICATION
(Alex: And as we continue to honor the network's silver anniversary...)
CNN 25: INTERNATIONAL NEWS
GOVERNMENT & POLITICS
BACKWORDS
(Alex: Each correct response will appear in backward form in the clue.)
    $200 21
confessions

John
    $200 6
(Alex: Name the show.)
(April: Who is Fred Flintstone?)
...
(Alex: Remember, name the show.)

The Flintstones

JohnApril
    $200 16
a telephone

April
    $200 1
Tiananmen Square

April
    $200 7
two-thirds

John
    $200 23
a pool (loop)

April
    $400 22
sonneteer

Robert
    $400 9
M*A*S*H

Robert
    $400 17
(Alex: [*], yes, [*] post.)

a penny

April
    $400 2
Kabul

Robert
    $400 8
judges

Robert
    $400 27
mail (Liam)

John
    $600 24
a miracle play

April
    $600 10
Seinfeld

April
    $2,000 18
walkie-talkies

April
    $600 3
Dolly

April
    $600 13
the Federal Reserve

John
    $600 28
an ogre (ergo)

Robert
    $800 25
a saga

John
    $800 11
Three's Company

Robert
    $800 19
fireflies

Robert
    $800 4
(April: Who is Terry Waite?)

Terry Anderson

April
Triple Stumper
    $800 14
the (U.S.) Trade Representative

John
    $800 29
a dray (yard)

Robert
    $1000 26
an edda

April
    $1000 12
Bewitched

Robert
    $1000 20
(Robert: What is semaphore?)

a signalman

JohnRobert
    $1000 5
Zaire

April
    $1000 15
Mitt Romney

Robert
    $1000 30
toile (Eliot)

Robert

Scores at the first commercial break (after clue 15):

John Robert April
$1,800 $4,000 $1,400

Scores at the end of the Jeopardy! Round:

John Robert April
$4,200 $6,600 $5,800

Double Jeopardy! Round responses

ON THE MAP
TOP 40 MUSICAL CONTRACTIONS
WOMEN PHOTOGRAPHERS
DIDN'T YOU GET YOUR INVITATION?
(Alex: You have to tell us what event is being described.)
COMMON BONDS
BACK WORDS
    $400 1
the Great Wall of China

Robert
    $400 6
We've

Robert
    $400 26
Mount Rainier

April
    $400 11
the Inaugural Ball

Robert
    $400 12
major

Robert
    $400 17
discs

Robert
    $800 2
Greenland

Robert
    $800 7
Who'll

John
    $800 27
Dorothea Lange

Triple Stumper
    $800 22
the premiere of The Aviator

April
    $800 13
eight

April
    $800 18
lumbar

April
    $1200 3
a parallel (of latitude)

Robert
    $1200 8
Ain't

April
    $1200 28
(April: Who is Brezhnev?)
(Alex: And we need the U.S. as well.)
(April: Um... who is Nixon?)

Reagan & Brezhnev

RobertApril
    $3,000 23
(April: What is the christening of Prince Charles?)
...
(April: I should know that, too!)
(Alex: You should, but that's okay.)

the wedding of Elizabeth II & Prince Philip

April
    $1200 14
things in parlors

Triple Stumper
    $1200 19
epidural

Robert
    $1600 4
Missouri (or Tennessee)

John
    $1600 9
That'll

April
    $1600 29
(Alex: April, you want the last clue?)
(April: I guess.)
(Alex: Alright, we'll show it to you.)

Cindy Sherman

Triple Stumper
    $1600 24
the opening of the Brooklyn Bridge

John
    $1600 15
a kick

John
    $1600 20
the sacrum

Triple Stumper
    $3,000 5
the Marianas Trench

John
    $2000 10
Haven't

April
    $2000 30
Jean Cocteau

Triple Stumper
    $2000 25
(Alex: An annual event he holds at [*].)

Sun Valley, Idaho

Triple Stumper
    $2000 16
acronyms

Robert
    $2000 21
(April: What are the trapezius?)
[Originally ruled incorrect]
(John: What are the latissimus dorsi?)
[Incorrect, but refunded after April's response was accepted]

the rhomboid muscles (trapezius accepted)

April

Scores at the end of the Double Jeopardy! Round:

John Robert April
$12,800 $15,000 $11,200

[wagering suggestions for these scores]

Final Jeopardy! Round responses

LITERARY MUSICAL THEATRE
AprilWhat is Voltaire Candide?
$11,100
JohnWhat is Candide?
$9,601
RobertWhat is Our Town?
$10,601
Candide

Final scores:

John Robert April
$22,401 $4,399 $22,300
Winner: $30,000 + an advance to UToC Round 4 3rd place: $15,000 2nd place: $15,000

Game dynamics:

Coryat scores:

John Robert April
$11,800 $15,000 $12,800
13 R
(including 1 DD),
0 W
21 R,
1 W
18 R
(including 1 DD),
4 W
(including 1 DD)

Combined Coryat: $39,600

The J! Archive is created by fans, for fans. The Jeopardy! game show and all elements thereof, including but not limited to copyright and trademark thereto, are the property of Jeopardy Productions, Inc. and are protected under law. This website is not affiliated with, sponsored by, or operated by Jeopardy Productions, Inc. Join the discussion at JBoard.tv.